Príručka meliorátora

Salvato in:
Dettagli Bibliografici
Autori principali: Podstavek, Bohumil (Autore), Kolinger, Jozef (Autore), Križan, Ferdinand (Autore)
Natura: Libro
Lingua:slovacco
Pubblicazione: Bratislava : SVPL, 1961
Edizione:1.vyd.
Tags: Aggiungi Tag
Nessun Tag, puoi essere il primo ad aggiungerne!!

MARC

LEADER 00000nam a22000003a 4500
001 stu270828
005 20240131070701.3
008 130711s--------cs------------------slo-d
040 |a STU  |b slo 
041 0 |a slo 
044 |a cs 
100 1 |a Podstavek, Bohumil  |4 aut 
245 1 |a Príručka meliorátora 
250 |a 1.vyd. 
260 |a Bratislava :  |b SVPL,  |c 1961 
300 |a 315 s 
700 1 |a Kolinger, Jozef  |4 aut 
700 1 |a Križan, Ferdinand  |4 aut 
996 |b 284V035329  |c V*5990/O-562  |l VVS  |s A  |a 24  |w stu270828_0001 
996 |b 284V040691  |c V* 52629/O-23786  |l VVT  |s A  |a 24  |w stu270828_0002